<?xml version="1.0" encoding="UTF-8"?>
<collection xmlns="http://www.loc.gov/MARC21/slim">
 <record>
  <leader>01636nam a2200361 a 4500</leader>
  <controlfield tag="001">254183</controlfield>
  <controlfield tag="003">BD-DhAAL</controlfield>
  <controlfield tag="005">20230613153306.0</controlfield>
  <controlfield tag="008">111210s1998    ii       b    101 0 eng  </controlfield>
  <datafield tag="010" ind1=" " ind2=" ">
   <subfield code="a">   99931904 </subfield>
  </datafield>
  <datafield tag="020" ind1=" " ind2=" ">
   <subfield code="a">1856498921</subfield>
  </datafield>
  <datafield tag="020" ind1=" " ind2=" ">
   <subfield code="a">8186706089</subfield>
  </datafield>
  <datafield tag="040" ind1=" " ind2=" ">
   <subfield code="a">DLC</subfield>
   <subfield code="c">DLC</subfield>
   <subfield code="d">BD-DhAAL</subfield>
  </datafield>
  <datafield tag="042" ind1=" " ind2=" ">
   <subfield code="a">lcode</subfield>
  </datafield>
  <datafield tag="043" ind1=" " ind2=" ">
   <subfield code="a">a-ii---</subfield>
  </datafield>
  <datafield tag="082" ind1="0" ind2="0">
   <subfield code="a">305.42/0954 </subfield>
   <subfield code="2">21</subfield>
  </datafield>
  <datafield tag="245" ind1="0" ind2="2">
   <subfield code="a">A question of silence? :</subfield>
   <subfield code="b">the sexual economics of modern India /</subfield>
   <subfield code="c">edited by Mary E. John and Janaki Nair.</subfield>
  </datafield>
  <datafield tag="260" ind1=" " ind2=" ">
   <subfield code="a">New Delhi :</subfield>
   <subfield code="b">Kali for Women ;</subfield>
   <subfield code="a">London :</subfield>
   <subfield code="b">Zed Books,</subfield>
   <subfield code="c">1998.</subfield>
  </datafield>
  <datafield tag="300" ind1=" " ind2=" ">
   <subfield code="a">viii, 412 pages ;</subfield>
   <subfield code="c">23 cm.</subfield>
  </datafield>
  <datafield tag="500" ind1=" " ind2=" ">
   <subfield code="a">&quot;All the papers in this collection, except the introduction, were presented at the XXVI Interdisciplinary Research Methodology Workshop at the Madras Institute of Development Studies, Chennai, 1-3 August 1996&quot;--T.p. verso.</subfield>
  </datafield>
  <datafield tag="504" ind1=" " ind2=" ">
   <subfield code="a">Includes bibliographical references and index.</subfield>
  </datafield>
  <datafield tag="541" ind1=" " ind2=" ">
   <subfield code="e">23977</subfield>
  </datafield>
  <datafield tag="650" ind1=" " ind2="0">
   <subfield code="a">Women </subfield>
   <subfield code="z">India </subfield>
   <subfield code="x">Social conditions </subfield>
   <subfield code="v">Congresses.</subfield>
   <subfield code="9">54650</subfield>
  </datafield>
  <datafield tag="650" ind1=" " ind2="0">
   <subfield code="a">Sex role</subfield>
   <subfield code="z">India</subfield>
   <subfield code="v">Congresses.</subfield>
   <subfield code="9">8590</subfield>
  </datafield>
  <datafield tag="700" ind1="1" ind2=" ">
   <subfield code="a">John, Mary E.,</subfield>
   <subfield code="d">1956-</subfield>
   <subfield code="9">13236</subfield>
  </datafield>
  <datafield tag="700" ind1="1" ind2=" ">
   <subfield code="a">Nair, Janaki.</subfield>
   <subfield code="9">13428</subfield>
  </datafield>
  <datafield tag="710" ind1="2" ind2=" ">
   <subfield code="a">Kali for Women (Organization)</subfield>
   <subfield code="9">54651</subfield>
  </datafield>
  <datafield tag="710" ind1="2" ind2=" ">
   <subfield code="a">Madras Institute of Development Studies.</subfield>
   <subfield code="9">54652</subfield>
  </datafield>
  <datafield tag="711" ind1="2" ind2=" ">
   <subfield code="a">Interdisciplinary Research Methodology Workshop</subfield>
   <subfield code="n">(26th :</subfield>
   <subfield code="d">1996 :</subfield>
   <subfield code="c">Madras Institute of Development Studies)</subfield>
   <subfield code="9">54653</subfield>
  </datafield>
  <datafield tag="852" ind1="1" ind2=" ">
   <subfield code="a">Ayesha Abed Library</subfield>
   <subfield code="c">General Shelf. </subfield>
  </datafield>
  <datafield tag="942" ind1=" " ind2=" ">
   <subfield code="2">ddc</subfield>
   <subfield code="c">BK</subfield>
  </datafield>
  <datafield tag="999" ind1=" " ind2=" ">
   <subfield code="c">11550</subfield>
   <subfield code="d">11550</subfield>
  </datafield>
  <datafield tag="952" ind1=" " ind2=" ">
   <subfield code="0">0</subfield>
   <subfield code="1">0</subfield>
   <subfield code="2">ddc</subfield>
   <subfield code="4">0</subfield>
   <subfield code="6">305_420954000000000_QUE</subfield>
   <subfield code="7">0</subfield>
   <subfield code="9">18799</subfield>
   <subfield code="a">BIGD</subfield>
   <subfield code="b">BIGD</subfield>
   <subfield code="c">GEN</subfield>
   <subfield code="d">2023-06-13</subfield>
   <subfield code="l">0</subfield>
   <subfield code="o">305.420954 QUE</subfield>
   <subfield code="p">3050023977</subfield>
   <subfield code="r">2011-12-10</subfield>
   <subfield code="t">1</subfield>
   <subfield code="y">BK</subfield>
   <subfield code="x">Transfer from BDI to BIGD.</subfield>
  </datafield>
 </record>
</collection>
